Assassinations in the Netherlands - Statistics

General Stats
  • This quiz has been taken 72 times
    6 since last reset
  • The average score is 3 of 21
Answer Stats
Date Location Occupation Person % Correct
2004 Amsterdam, North Holland Film Director and writer Theo van Gogh
100%
2002 Hilversum, North Holland Politican, Party Leader of List ___ _______ (LPF) Pim Fortuyn
83%
2021 Amsterdam, North Holland Investigative journalist and crime reporter Peter R. de Vries
67%
2003 Amstelveen, North Holland Mastermind of the Freddy Heineken Kidnapping Cor van Hout
17%
1987 Doorwerth, Gelderland Top Manager of supermarket chain Ahold Gerrit Jan Heijn
17%
1672 The Hague, South Holland Politician and Grand Pensionary of Holland Johan de Witt
17%
1584 Delft, South Holland Leader of the Dutch war of Independence William I of Orange
17%
2017 The Hague, South Holland Member of the Arab Struggle Movement Ahmad Mola Nissi
0%
1672 The Hague, South Holland Politican, Brother of the above Cornelis de Witt
0%
2019 Amsterdam, North Holland Lawyer of the crown witness in the "Marengo" Trial Derk Wiersum
0%
2014 Bilthoven, Utrecht Former Minister of Health, Welfare and Sport Els Borst
0%
1943 Vorden, Gelderland Former Minister of Agriculture and Nazi Collaborator Folkert Posthuma
0%
1945 Bloemendaal, North Holland Female WWII underground Resistance Fighter Hannie Schaft
0%
1943 The Hague, South Holland Retired General and Nazi collaberator Hendrik Seyffardt
0%
2005 Nijmegen, Gelderland Leftwing journalist Louis Sévèke
0%
2016 Laren, North Holland Criminal and crime reporter Martin Kok
0%
2015 Almere, Flevoland Suspect in the 1981 Hafte Tir bombing in Iran Mohammad-Reza Kolahi
0%
2018 Amsterdam, North Holland Brother of the crown Witness in the "Marengo Trial" Reduan B.
0%
1979 The Hague, South Holland British ambassador to the Netherlands Richard Sykes
0%
1945 Haarlem, North Holland Founder of the Bank of the Resistance Walraven van Hall
0%
1938 Rotterdam, South Holland Leader of the Organization of Ukrainian Nationalists Yevhen Konovalets
0%
No matching quizzes found
Score Distribution
Percent of People with Each Score
Percentile by Number Answered
Your Score History
You have not taken this quiz since the last reset